000 01101cam a2200325 i 4500
001 37998
003 Mx-PuUPA
005 20240410103800.0
008 140415s2003 mx a r 000 0 spa d
020 _a9706517197
040 _erda
_aMx-PuUPA
_bspa
_cMx-PuUPA
_dMx-PuUPA
041 1 _aspa
_heng
100 1 _aBowker, John,
_d1935
_eautor
_94636
240 1 0 _aGod a brief history.
_lEspañol
245 1 0 _aDios :
_buna breve historia /
_cJohn Bowker ; traducción, Josefina Anaya.
250 _aPrimera edición
264 1 _aMéxico, D.F. :
_bEditorial Oceano de México,
_c2003
300 _a400 páginas :
_bilustraciones ;
_c24 cm.
336 _atexto
_2rdacontent
_btxt
337 _asin medio
_2rdamedia
_bn
338 _avolumen
_2rdacarrier
_bnc
650 4 _aReligiones
_vManuales
650 4 _aDios
650 4 _aDios
_xHistoria de las doctrinas
700 1 _aAnaya, Josefina,
_etraductor
765 0 8 _aBowker, John, 1935
_dNew York, NY : DK Publishing, 2002
_tGod a brief history.
942 _2ddc
_cLI
_h200
_iB7845
999 _c37998
_d37998